Od matematiky k ekonómii
Matematický aparát v ekonómii.
Na minha lista:
| Autor principal: | |
|---|---|
| Formato: | Capítulo de Livro |
| Idioma: | eslovaco |
| Assuntos: | |
| Tags: |
Sem tags, seja o primeiro a adicionar uma tag!
|
MARC
| LEADER | 00000naa a2200000 4500 | ||
|---|---|---|---|
| 001 | 0182643 | ||
| 005 | 20230908075909.2 | ||
| 041 | 0 | |a slo | |
| 044 | |a CZ | ||
| 245 | 1 | 0 | |a Od matematiky k ekonómii |c Daniela Hricišáková |
| 520 | |a Matematický aparát v ekonómii. | ||
| 610 | 2 | 0 | |a ekonómia |
| 610 | 2 | 0 | |a mikroekonomika |
| 610 | 2 | 0 | |a modely matematické |
| 610 | 2 | 0 | |a matematika |
| 100 | 1 | |a Hricišáková, Daniela | |